000 00367nam a2200145Ia 4500
008 230917s9999||||xx |||||||||||||| ||und||
040 _e18819
_aMAIN
041 _aEnglish
082 _a330.9 K124E
100 _aKaldor, Nichelas
245 0 _aEssays on economic stability and growth
260 _aLondon
_bGerland Duckwarth
_c1963
300 _a302 p.
942 _cBK
999 _c98118
_d98118